000
00307nam a22001217a 4500
008
170630b xxu||||| |||| 00| 0 eng d
041
_a
eng
080
_a
94
100
_a
22
101
_a
GJL
245
_a
THE WONDER BOOKS HISTORY FROM THE RENAISSANCE TO NAPOLEON
_c
PAAPE.W.E
942
_2
udc
_c
BK
999
_c
19823
_d
19823